O interesse pb︢lico sob a crt̕ica da teoria crt̕ica

Detalles Bibliográficos
Autor principal: Gonȧlves dos Santos, Luasses
Formato: eBook
Lenguaje:portugués
Publicado: San Pablo: Editora ContraCorrente, 2021
Materias:
Acceso en línea:Acceso restringido

MARC

LEADER 00000nam a22000007a 4500
005 20210909124054.0
007 cr|||| ||||
008 210909s2021 br |||||s|||| 00||0 por d
020 |a 978-65-88470-39-8 
035 |a 35090 
040 |a vLex 
090 |c 12366  |d 12366 
100 1 |a Gonȧlves dos Santos, Luasses 
245 1 1 |a O interesse pb︢lico sob a crt̕ica da teoria crt̕ica  |h [Recurso electrn̤ico] /  |c Luasses Gonȧlves dos Santos 
256 |a Servicio en ln̕ea 
260 |a San Pablo:  |b Editora ContraCorrente,  |c 2021 
300 |a 1 recurso electrn̤ico 
506 1 |a Disponible solo en los productos indicados  |d vLex Global  |d vLex Global (Academic Edition, excluding Law Schools)  |d vLex Global (U.S. Academic Edition, Law Schools)  |d vLex Global (U.S. Academic Edition, excluding Law Schools)  |d vLex Global (Academic Edition, Law Schools) 
650 0 4 |a Derecho Pb︢lico y Administrativo  |z Brasil 
740 0 |a vLex Libros (Servicio en ln̕ea) 
856 4 0 |u https://app.vlex.com/#/sources/35090  |z Acceso restringido 
942 |c BOOK 
999 0 |a Public and Administrative Law